000 01861nam a2200313 a 4500
003 DO-SdBNP
005 20221116131042.0
007 ta
008 221116e2022 dr a|||gr|||| 001 m spa d
020 _a9798356911491
040 _aDO-SdBNP
_bspa
_cBNPHU
082 4 _222
_bB268a
245 1 0 _aAlimentación saludable...tu mejor medicina. /
_cJimmy Barranco Ventura; Editor, Ramón Saba; Ilustraciones, Ezequiel Martínez; Prólogo, Ana Carolina Báez Abbott
260 _aSanto Domingo :
_bINTEC,
_c2022
300 _a678 p. :
_bil. ;
_c23 cm.
500 _aIncluye datos biográficos del autor en las solapas de las cubiertas.
505 _aDedicatoria.
_gAgradecimientos.
_gPrólogo.
_gA modo de presentación.
_tI. Alimentos, Nutrimentos y Suplementos Nutricionales.--
_tII. Educación Alimentaria, Dietas y Salud.--
_tIII. Alimentación Materno Infantil.--
_tIV. Obesidad y Control de Peso.--
_tV. Diabetes Mellitus.--
_tVI. Riesgo Cardiovascular.--
_tVII. Alimentación en Tiempos de Pandemia.--
_tVIII. Enfermedades Gastrointestinales.
_tIX. Nutrición y Cáncer.--
_tXI. Enfermedades del Tracto Genitourinario.--
_tXII. Microbioma, Alimentación y Salud.--
_tXIII. Nutrición Clínica.--
_tXIV. Anexos.
590 _aInventariado 2022 / MF
650 4 _921811
_aConsejería en Nutrición
_vPreguntas y Respuestas
_xRepública Dominicana
650 4 _965872
_aTrastornos Nutricionales
_vPreguntas y Respuestas
_xRepública Dominicana
650 4 _94380
_aTrastornos Alimenticios
_vPreguntas y Respuestas
_xRepública Dominicana
650 4 _955504
_aHábitos Alimenticios
_zRepública Dominicana
650 4 _963768
_aVida y Salud
_xPreguntas y Respuestas
_vRepública Dominicana
700 1 _981348
_aSaba, Ramón
_ded.
700 1 _977713
_aMartìnez, Ezequiel
_eil.
700 1 _aBáez Abbott, Ana Carolina
_epról.
_982835
910 _aMFeliz
942 _2ddc
_cLBS1
999 _c52954
_d52954